00490 a2200181 450000100060000002000150000604000240002110000190004524000330006424500280009730000060012536200060013144000120013765000310014994200070018095201040018799900170029170087 a850806926X cAnchieta - Itaigara aOrthof, Sylvia10aAs visitas de dona Zefalpor10aAs visitas de dona Zefa a 0 a0 1aÁtica 4aLiteratura infanto-juvenil cBK 00104070a88.1b88.1d2023-11-21l0o028.5 ORT VISp3147/ITAr2023-11-21 20:04:57w2023-11-21yBK c70087d70087